000 00426nam a2200181Ia 4500
001 12944
005 20260306163017.0
008 260306t1991||||xx |||||||||||||| ||spa||
041 _aESP
082 _aRD 463.1
_bC81
100 _aCorripio, Fernando
_eAUT
245 0 _aDiccionario de ideas afines
260 _c1991
300 _a912 páginas :
_c20 cm.
650 _aGEN
654 _aCHU
942 _cDIC
_dJUS
_fJUS
_2ddc
_n
999 _c12944
_d12944